动物界所有门 All phyla of the animal kingdom - Statistics

General Stats
  • This quiz has been taken 32 times
  • The average score is 9 of 33
Answer Stats
拉丁学名 特征 物种数 % Correct
节肢动物门 Arthropoda 分节的身体及附肢、甲壳质外骨骼 1200000
97%
脊索动物门 Chordata 具有脊索、中空背神经管、咽鳃裂及肛后尾 65000
93%
软体动物门 Mollusca 具有齿舌和肉足,外套膜会分泌出钙质的硬壳 85000
90%
环节动物门 Annelida 身体柔软且分节 17000
73%
棘皮动物门 Echinodermata 海生。五重辐射对称。体内有水管系统,中胚层钙化为内骨骼(骨板) 7500
67%
刺胞动物门 Cnidaria 水生,身体柔软,具有刺丝胞。网状神经系统 16000
57%
扁形动物门 Platyhelminthes 具有消化循环腔,无体腔 29500
50%
多孔动物门 Porifera 多孔、有襟细胞 10800
43%
线虫动物门 Nematoda 圆形纵截面、角蛋白角质层 25000
40%
缓步动物门 Tardigrata 由头部和四个体节所组成 1000
27%
腕足动物门 Brachiopoda 海生。具有总担与肉茎。有一对上下开合、左右对称的外壳 300
23%
毛颚动物门 Chaetognatha 海生的小型动物。体形似箭,在头和鳍的两边均有甲壳质组成的尖刺 100
23%
有爪动物门 Onychophora 附肢具有甲壳质爪子 200
20%
半索动物门 Hemichordata 海生,具有口索 130
20%
外肛动物门 Bryozoa 水生群体动物。具有总担,无肉茎,肛门在触手圈外 6000
17%
纽形动物门 Nemertea 具有吻及完全消化道 1200
17%
轮形动物门 Rotifera 有颔及纤毛冠 2000
13%
棘头动物门 Acanthocephala 身体前端有吻,吻上有钩刺。营寄生生活 1420
13%
线形虫动物门 Nematomorpha 具有假体腔,但成虫没有排泄器官,消化道退化 320
13%
帚虫动物门 Phoronida U 形消化管 11
13%
扁盘动物门 Placozoa 由上下两层细胞构成,有恒定的背腹面 4
13%
腹毛动物门 Gastrotricha 水生微型动物。身体腹面披有纤毛,有两条黏腺 690
10%
内肛动物门 Entoprocta 水生微型动物。具有总担,肛门在触手圈内 150
10%
动吻动物门 Kinorhyncha 有11个体节,体节上覆盖骨板 150
10%
铠甲动物门 Loricifera 两端都有伞状的鳞片 122
10%
环口动物门 Cycliophora 带有小纤毛的环状口、囊状身体 3
10%
微颚动物门 Micrognathozoa 类似手风琴的可延伸胸部 1
10%
异无腔动物门 Xenacoelomorpha 缺乏消化系统、呼吸系统、循环系统及泌尿系统的简单两侧,对称动物,具有纤毛 400
10%
栉板动物门 Ctenophora 海生,体外有8条成排纤毛板,无刺丝胞。网状神经系统 100
10%
菱形动物门 Rhombozoa 具有纤毛的体细胞,包围中央的轴细胞 100
7%
颚口动物门 Gnathostomulida 海生微型动物,口向体内延伸出一肠盲囊,口内有一梳状的基板及具齿的侧颚 100
7%
直泳动物门 Orthonectida 围绕着大量性细胞的单层纤毛细胞 26
7%
鳃曳动物门 Priapulida 身体虽然有体环,但是不分节 20
7%
No matching quizzes found
Score Distribution
Percent of People with Each Score
Percentile by Number Answered
Your Score History
You have not taken this quiz